Quantum Mechanics in chemistry (0 19 508200 1)
Spremljeno u:
| Glavni autor: | |
|---|---|
| Format: | Knjiga |
| Jezik: | Undetermined |
| Izdano: |
Oxford
1997
|
| Oznake: |
Dodaj oznaku
Bez oznaka, Budi prvi tko označuje ovaj zapis!
|
| Thư viện lưu trữ: | Trung tâm Học liệu Trường Đại học Cần Thơ |
|---|
| LEADER | 00406nam a2200145Ia 4500 | ||
|---|---|---|---|
| 001 | CTU_49569 | ||
| 008 | 210402s9999 xx 000 0 und d | ||
| 082 | |a 541.28 | ||
| 082 | |b S611 | ||
| 100 | |a JACK SIMONS | ||
| 245 | 0 | |a Quantum Mechanics in chemistry (0 19 508200 1) | |
| 245 | 0 | |c JACK SIMONS, Jeffs Nichols | |
| 260 | |b Oxford | ||
| 260 | |c 1997 | ||
| 980 | |a Trung tâm Học liệu Trường Đại học Cần Thơ | ||